| 000 | 00000nam##2200000za#4500 |
| 001 | 9.571595 |
| 003 | CaOODSP |
| 005 | 20211126112844 |
| 007 | cr ||||||||||| |
| 008 | 150406|2002||||xxc|||||o f|0| 0 eng|d |
| 022 | |a1701-9397 |
| 040 | |aCaOODSP|beng |
| 043 | |an-cn--- |
| 086 | 1 |aFB3-2/102-15E-PDF |
| 110 | 2 |aBank of Canada. |
| 245 | 10|aCorporate bond spreads and the business cycle / |h[electronic resource]|cby Zhiwei Zhang. |
| 260 | |aOttawa - Ontario : |bBank of Canada |cJune 2002. |
| 300 | |a37p.|bgraphs, tables |
| 490 | 1 |aBank of Canada working paper|x1701-9397|v2002-15 |
| 500 | |aThis paper examines the predictive power of credit spreads from the corporate bond market... The author finds that linear models based on stock market movements, the risk-free short rate, and the term spread can explain only 7 per cent of the variations in the high-yield spread."--Abstract. |
| 500 | |aThe ISSN (1192-5434) for the print edition has been incorrectly copied in this electronic publication. |
| 504 | |aBibliography. |
| 546 | |aRésumé en français. |
| 590 | |a11-19-Supp|b2011-09-23 |
| 690 | 07|aBonds|2gcpds |
| 690 | 07|aBusinesses|2gcpds |
| 690 | 07|aModels|2gcpds |
| 690 | 07|aStock markets|2gcpds |
| 720 | 1 |aZhang, Zhiwei |
| 776 | 0#|tCorporate bond spreads and the business cycle / |w(CaOODSP)9.615988 |
| 830 | #0|aWorking paper (Bank of Canada)|x1701-9397|v2002-15|w(CaOODSP)9.504604 |
| 856 | 40|ahttp://publications.gc.ca|qPDF|s313 KB|uhttps://publications.gc.ca/collections/Collection/FB3-2-102-15E.pdf|y2002-15 |